01397cam a2200349 i 4500001001000000003000900010005001700019008004100036020002500077040004500102082002000147100003900167245014400206250001900350264006300369300005800432336002600490337002800516338002700544500003200571500002400603504005200627650004100679650003100720650002500751651004300776653002500819655001700844942001200861999001700873952015700890016316157EG-ScBUE20241218094735.0130327s2013 njua f bd f001 0 eng d a9780691158075 (pbk.) aStDuBDSbengerdacStDuBDSdUkdEG-ScBUE04a523.24222bJAY1 aJayawardhana, Ray,eauthor.93867710aStrange new worlds :bthe search for alien planets and life beyond our solar system /cwith a new afterword by the author Ray Jayawardhana. aFirst edition. 1aPrinceton ; aOxford :bPrinceton University Press,c2013. a261 pages :billustrations (black and white) ;c22 cm 2rdacontentatextbtxt 2rdamediaaunmediatedbn 2rdacarrieravolumebnc aOriginally published: 2011. aIncludes glossary.  aIncludes bibliographical references and index.  0aLife on other planets.2BUEsh933669 7aExtrasolar planets.2BUEsh 7aSolar system.2BUEsh 7aOuter spacexExploration.2BUEsh96023 bENGGENcNovember2015 vReading book 2ddccBB c20382d20354 00102ddc40708BaccahaMAINbMAINc1STd2015-07-30ePurchaseg118.00h21782l2m14o523.24 JAYp000038972r2025-07-15 00:00:00s2021-04-15v148.00yBB